00314nam a2200133Ia 450000500170000000800410001704100080005808200170006610000180008324500180010126000390011930000090015865000130016720250729165804.0250729s2007 xx 000 0 und d aeng a299.936 HUBR aHubbard L Ron aSelf analysis aDenmarkbNew Era Publicationc2007 a373p aReligion